000
00290nam a22001337a 4500
008
170425b xxu||||| |||| 00| 0 eng d
020
_a
9780030059384
041
_a
eng
080
_2
7TH
_a
543
100
_a
12
101
_a
SHM
245
_a
ANALYTICAL CHEMISTRY
_c
SKOOG
942
_2
udc
_c
BK
999
_c
11951
_d
11951